<?xml version="1.0" encoding="UTF-8"?><?xml-stylesheet type="text/xsl" href="static/style.xsl"?><OAI-PMH xmlns="http://www.openarchives.org/OAI/2.0/" xmlns:xsi="http://www.w3.org/2001/XMLSchema-instance" xsi:schemaLocation="http://www.openarchives.org/OAI/2.0/ http://www.openarchives.org/OAI/2.0/OAI-PMH.xsd"><responseDate>2026-04-17T06:09:48Z</responseDate><request verb="GetRecord" identifier="oai:www.recercat.cat:2072/399576" metadataPrefix="marc">https://recercat.cat/oai/request</request><GetRecord><record><header><identifier>oai:recercat.cat:2072/399576</identifier><datestamp>2024-10-29T20:00:04Z</datestamp><setSpec>com_2072_98</setSpec><setSpec>col_2072_378192</setSpec></header><metadata><record xmlns="http://www.loc.gov/MARC21/slim" xmlns:dcterms="http://purl.org/dc/terms/" xmlns:xsi="http://www.w3.org/2001/XMLSchema-instance" xmlns:doc="http://www.lyncode.com/xoai" xsi:schemaLocation="http://www.loc.gov/MARC21/slim http://www.loc.gov/standards/marcxml/schema/MARC21slim.xsd">
   <leader>00925njm 22002777a 4500</leader>
   <datafield ind2=" " ind1=" " tag="042">
      <subfield code="a">dc</subfield>
   </datafield>
   <datafield ind2=" " ind1=" " tag="720">
      <subfield code="a">Jiménez, John</subfield>
      <subfield code="e">author</subfield>
   </datafield>
   <datafield ind2=" " ind1=" " tag="260">
      <subfield code="c">2013</subfield>
   </datafield>
   <datafield ind2=" " ind1=" " tag="520">
      <subfield code="a">Este artículo describe un estudio con un enfoque mixto, en el que estudiantes universitarios de inglés como lengua extranjera (EFL), utilizaron ayudas en línea -tales como diccionario, traductor, síntesis, entre otras- como estrategias para facilitar a otros estudiantes, con nivel de principiantes en inglés, la lectura y comprensión de textos multimediales en este idioma. Se recolectó información cuantitativa y cualitativa a través de la interfaz, de cuestionarios semi-estructurados y de entrevistas. Los resultados muestran que el traductor y el diccionario en línea, fueron las ayudas más utilizadas, al mismo tiempo que permitieron mejorar la comprensión de los textos multimediales. Finalmente, más de la mitad de los estudiantes de ambos grupos prefirieron combinar el uso de textos multimediales con textos impresos, y la mayoría de estudiantes estuvieron de acuerdo en sugerir el uso de textos multimediales en los cursos regulares de competencia lectora en inglés.</subfield>
   </datafield>
   <datafield ind2=" " ind1=" " tag="520">
      <subfield code="a">This article describes a study using a mixed approach, in which EFL university students used online aids such as translators, dictionaries, summaries, among other resources, as strategies in order to help other EFL beginner level students to better read and understand multimedia texts in this language. Quantitative and qualitative data wwereas collected for the project through the Interfax software, as well as semi-structured questionnaires and interviews. The results indicate that the translator and online dictionary were the most commonly used aids which helped students to better read and understand multimedia texts. Finally, more than half of the students from both groups preferred to combine multimedia with print texts, and most of the students suggested that multimedia text should be used regularly for reading comprehension courses in English.</subfield>
   </datafield>
   <datafield ind2=" " ind1=" " tag="520">
      <subfield code="a">Aquest article descriu un estudi amb un enfocament mixt en el qual estudiants universitaris d'anglès com a llengua estrangera (EFL) van utilitzar ajudes en línia -entre unes altres: diccionari, traductor, síntesi- com estrategias per facilitar a estudiants, amb nivell de principiants en anglès, la comprensió lectura. Es va compilar informació quantitativa i qualitativa a través de la plataforma virtual, i a més a més, es va aplicar qüestionaris semi-estructurats i d'entrevistes. Els resultats mostren que el traductor i el diccionari en línia, van ser les ajudes més utilitzades, al mateix temps que van permetre millorar la comprensió dels textos de multimèdia. Finalment, més de la meitat dels estudiants de tots dos grups van preferir combinar l'ús dels textos multimèdia amb textos impresos, i la majoria d'estudiants va estar d'acord en suggerir l'ús de textos multimèdia en els cursos regulars de competència lectora en anglès.</subfield>
   </datafield>
   <datafield tag="653" ind2=" " ind1=" ">
      <subfield code="a">Lectura multimedial</subfield>
   </datafield>
   <datafield tag="653" ind2=" " ind1=" ">
      <subfield code="a">Ayudas en línea</subfield>
   </datafield>
   <datafield tag="653" ind2=" " ind1=" ">
      <subfield code="a">Estrategias de lectura</subfield>
   </datafield>
   <datafield tag="653" ind2=" " ind1=" ">
      <subfield code="a">EFL</subfield>
   </datafield>
   <datafield tag="653" ind2=" " ind1=" ">
      <subfield code="a">Lengua extranjera</subfield>
   </datafield>
   <datafield tag="653" ind2=" " ind1=" ">
      <subfield code="a">Multimedia reading</subfield>
   </datafield>
   <datafield tag="653" ind2=" " ind1=" ">
      <subfield code="a">Online aids</subfield>
   </datafield>
   <datafield tag="653" ind2=" " ind1=" ">
      <subfield code="a">Reading strategies</subfield>
   </datafield>
   <datafield tag="653" ind2=" " ind1=" ">
      <subfield code="a">Foreign language</subfield>
   </datafield>
   <datafield tag="653" ind2=" " ind1=" ">
      <subfield code="a">Lectura en interficie/texto multimèdia</subfield>
   </datafield>
   <datafield tag="653" ind2=" " ind1=" ">
      <subfield code="a">Ajudes en línia</subfield>
   </datafield>
   <datafield tag="653" ind2=" " ind1=" ">
      <subfield code="a">Estratègies de lectura</subfield>
   </datafield>
   <datafield tag="653" ind2=" " ind1=" ">
      <subfield code="a">Llengua estrangera</subfield>
   </datafield>
   <datafield ind2="0" ind1="0" tag="245">
      <subfield code="a">Ayudas en línea para lectura multimodal en lengua extranjera</subfield>
   </datafield>
</record></metadata></record></GetRecord></OAI-PMH>